Statistics for Українська музика 90-х

Click here to take the quiz!

General Stats

  • This quiz has been taken 18 times
  • The average score is 4 of 15

Answer Stats

ПісняВиконавецьПідказка% Correct
Той прикрий світСкрябінВисокий, кучерявий Добряк. «Сумно, коли нема…»
59%
ВонаПлач ЄреміїФронтмен гурту не є автором пісні.
53%
Файне місто ТернопільБрати ГадюкіниБільше ніж друзі, гади
47%
Long time agoОкеан ЕльзиФізика. Суперсиметрія
41%
Зроби мені хіп-хопТНМКПсевдоніми обох учасників гурту, літера «Ф»
35%
Я йдуЮрко ЮрченкоВчитель музики. «Менуети»
35%
МісяцьНаталія МогилевськаНадіслала комусь довге СМС-повідомлення
35%
Не відлітайВАН-ГОГНазва гурту -скорочені імена учасників. Художник на ім’я Вінсент.
29%
А тепер усе інакшеАква-ВітаЖива Вода
24%
Мамо, я дурнаСестричка ВікаБільше ніж подруга, перемога
24%
ДвоєФантом 2Медики за освітою. Хлопець-качок
24%
Так простоІрина БіликПливе у одному з видів водного транспорту. Літо
18%
ТанціВВСтрунний інструмент з баяном.
18%
ЗоріThe Вйо«Трава». Кувалда
6%
Той день колиВУЗВОдин з учасників — Олексій, продюсер. «Мізки»
0%

Score Distribution

Percentile by Number Answered

Percent of People with Each Score

Your Score History

You have not taken this quiz